| 000 | 00516nam a2200169 4500 | ||
|---|---|---|---|
| 001 | 131321 | ||
| 003 | ES-MaACL | ||
| 005 | 20230906193947.0 | ||
| 007 | t| | ||
| 008 | 070214s1968 sp r ||||1| spa d | ||
| 100 | 1 |
_aRobles Alvarez de Sotomayor, Alfredo. _997943 |
|
| 245 | 1 | 0 |
_aDerecho privado de aplicación turística / _cAlfredo Robles Alvarez de Sotomayor. |
| 250 | _a3ª ed. | ||
| 260 |
_aMadrid : _b[s. n.], _c1968 ( _fGráf. Summa) |
||
| 300 |
_a446 p. ; _c21 cm. |
||
| 852 |
_aES-MaACL _jC-49840 _bR.67946 |
||
| 999 |
_c131321 _d131321 |
||